000 00638nam a2200265Ia 4500
005 20250425162208.0
008 250425s9999 xx 000 0 und d
020 _a8448137604
041 _aspa
082 _a339
100 _aFERNANDEZ DIAZ, ANDRES
245 0 _aPOLITICA ECONOMICA
250 _a3A ED.
260 _aEspaƱa
_bMCGRAW-HILL
_c2002
260 _aMADRID
300 _a566
650 _aINFLACION
650 _aPOLITICA ECONOMICA
650 _aPOLITICA FISCAL
650 _aPOLITICA MONETARIA
700 _aPAREJO GAMIR, JOSE ALBERTO
700 _aRODRIGUEZ SAIZ, LUIS
942 _c01
010 _a55498
999 _c224300
_d224300